German Leaders - Statistics

General Stats
  • This quiz has been taken 28 times
  • The average score is 20 of 84
Answer Stats
Reign Leader % Correct
1934-1945 Adolf Hitler
91%
1945 Karl Dönitz
64%
1867-1888 Wilhelm I
64%
1888-1918 Wilhelm II
64%
1979-1984 Karl Carstens
59%
1919-1925 Friedrich Ebert
55%
1888 Friedrich III
50%
1925-1934 Paul von Hindenburg
50%
1849-1850 Frederick William IV
45%
1355-1378 Charles IV
41%
1519-1556 Charles V
41%
1711-1740 Charles VI
41%
1742-1745 Charles VII
41%
1155-1190 Frederick I
41%
1197-1198 Frederick II
41%
1220-1250 Frederick II
41%
1452-1493 Frederick III
41%
962-973 Otto I
41%
967-983 Otto II
41%
996-1002 Otto III
41%
1209-1215 Otto IV
41%
1556-1564 Ferdinand I
36%
1835-1848 Ferdinand I
36%
1619-1637 Ferdinand II
36%
1637-1657 Ferdinand III
36%
1850-1866 Francis Joseph I
36%
1291-1298 Adolf
32%
1705-1711 Joseph I
32%
1765-1790 Joseph II
32%
1945-1946 Charles de Gaulle
23%
1745-1765 Francis I
23%
1815-1835 Francis I
23%
1792-1806 Francis II
23%
1945-1949 Harry Truman
23%
1959-1969 Heinrich Lübke
23%
1945-1949 Joseph Stalin
23%
1949 Karl Arnold
23%
1658-1705 Leopold I
23%
1790-1792 Leopold II
23%
1298-1308 Albert I
18%
1438-1439 Albert II
18%
1848-1849 Archduke John
18%
1014-1024 Henry II
18%
1046-1056 Henry III
18%
1084-1105 Henry IV
18%
1111-1125 Henry V
18%
1191-1197 Henry VI
18%
1312-1313 Henry VII
18%
1999-2004 Johannes Rau
18%
1508-1519 Maximilian I
18%
1984-1994 Richard von Weizsäcker
18%
1024-1039 Conrad II
14%
1138-1152 Conrad III
14%
1250-1254 Conrad IV
14%
1946 Georges Bidault
14%
1328-1347 Louis IV
14%
1612-1619 Matthias
14%
1806-1813 Napoleon I
14%
1198-1208 Philip
14%
1945 Winston Churchill
14%
1813 Eugène de Beauharnais
9%
1969-1974 Gustav Heinemann
9%
1273-1291 Rudolf I
9%
1576-1612 Rudolf II
9%
1433-1437 Sigismund
9%
2010-2012 Christian Wulff
5%
2017-Present Frank-Walter Steinmeier
5%
2004-2010 Horst Köhler
5%
2010 Jens Böhrnsen
5%
2012-2017 Joachim Gauck
5%
1133-1137 Lothair III
5%
1400-1410 Rupert
5%
1949-1959 Theodor Heuss
5%
1945-1949 Clement Attlee
0%
1946 Félix Gouin
0%
2012 Horst Seehofer
0%
1946-1947 Léon Blum
0%
1564-1576 Maximilian II
0%
1994-1999 Roman Herzog
0%
1946 Vincent Auriol
0%
1947-1949 Vincent Auriol
0%
1974-1979 Walter Scheel
0%
1925 Walter Simons
0%
1378-1400 Wenceslaus
0%
No matching quizzes found
Score Distribution
Percent of People with Each Score
Percentile by Number Answered
Your Score History
You have not taken this quiz